Govt. of
Madhya Pradesh

Essays on Contemporary India (Record no. 4069)

MARC details
000 -LEADER
fixed length control field 004380000a22001810004500
003 - CONTROL NUMBER IDENTIFIER
control field MACL
005 - DATE AND TIME OF LATEST TRANSACTION
control field 20150918111548.0
008 - FIXED-LENGTH DATA ELEMENTS--GENERAL INFORMATION
fixed length control field 150918b xxu||||| |||| 00| 0 eng d
040 ## - CATALOGING SOURCE
Original cataloging agency MACL
Transcribing agency MACL
041 ## - LANGUAGE CODE
Language code of text/sound track or separate title English
082 ## - DEWEY DECIMAL CLASSIFICATION NUMBER
Classification number 824/CHA
100 ## - MAIN ENTRY--PERSONAL NAME
Personal name Chandra, Bipan
9 (RLIN) 594
245 ## - TITLE STATEMENT
Title Essays on Contemporary India
260 ## - PUBLICATION, DISTRIBUTION, ETC. (IMPRINT)
Name of publisher, distributor, etc. HarA̜nad Publication
Date of publication, distribution, etc. 1993
Place of publication, distribution, etc. Delhi
350 ## - PRICE (NR) (BK AM CF MU VM SE) [OBSOLETE]
Price 295
650 ## - SUBJECT ADDED ENTRY--TOPICAL TERM
Topical term or geographic name as entry element Essays
9 (RLIN) 11705
942 ## - ADDED ENTRY ELEMENTS (KOHA)
Koha item type Books
Call number prefix 824
Source of classification or shelving scheme
Holdings
Withdrawn status Lost status Source of classification or shelving scheme Damaged status Not for loan Home library Current library Date acquired Cost, normal purchase price Total Checkouts Full call number Barcode Date last seen Date last checked out Uniform Resource Identifier Price effective from Koha item type
          MACL MACL 29/04/2015 295.00 1 824/CHA CRE006691 02/05/2024 05/12/2015 4041 15/04/2015 Books